| 000 | 01016nam a22003137a 4500 | ||
|---|---|---|---|
| 001 | BR0501958 | ||
| 003 | BR-BrBNA | ||
| 005 | 20230928101918.0 | ||
| 007 | ta | ||
| 008 | 230509b bl.||||| |||| 00| 0 por d | ||
| 040 |
_aBR-BrBNA _bpor _cBiblioteca Nacional de Agricultura |
||
| 041 | _a(Por) | ||
| 072 |
_aE14; K10 _b8901 |
||
| 090 | _ 8901 BR0501958 | ||
| 110 | 1 | _aMinistério do Meio Ambiente, Brasília, DF (Brasil) | |
| 110 | 1 | _aInstituto Brasileiro do Meio Ambiente e dos Recursos Naturais Renováveis, Brasília, DF (Brasil) | |
| 245 | 1 | _aGrupo de trabalho sobre política florestal: a exploração madeireira na Amazônia; relatório | |
| 260 | 3 |
_aBrasília, DF (Brasil): _c[nd]. |
|
| 300 | _avp | ||
| 500 | _a6 tables | ||
| 650 | _aEXTRAÇÃO DA MADEIRA | ||
| 650 | _aPOLÍTICA FLORESTAL | ||
| 650 | _aPLANEJAMENTO FLORESTAL | ||
| 650 | _aPROJETO DE DESENVOLVIMENTO | ||
| 650 | _aRECONHECIMENTO FLORESTAL | ||
| 650 | _aAMAZÔNIA | ||
| 909 |
_a202309 _bLucia _c55 _dLucia Elande |
||
| 942 | _cBK | ||
| 999 |
_c68186 _d68186 |
||